Loading...
| Fine Arts - Classical Music | 0 | 10 | 1 | 0 | 95 | 69 | 101.30 | 0 | 4 |
| Fine Arts - Other Fine Arts | 0 | 5 | 1 | 0 | 45 | 41 | 93.20 | 1 | 1 |
| Any History | 0 | 2 | 0 | 0 | 20 | 89 | 100.50 | 0 | 0 |
| Other Academic | 0 | 2 | 0 | 1 | 20 | 79 | 109.00 | 0 | 1 |
| Religion | 0 | 2 | 0 | 0 | 20 | 73 | 110.00 | 0 | 0 |
| Social Science | 0 | 2 | 0 | 1 | 20 | 123 | 133.50 | 0 | 0 |
| Literature - American Literature | 0 | 1 | 0 | 0 | 10 | 123 | 123.00 | 0 | 0 |
| Literature - British Literature | 0 | 1 | 0 | 0 | 10 | 96 | 96.00 | 0 | 0 |
| Mythology | 0 | 1 | 0 | 0 | 10 | 117 | 117.00 | 0 | 0 |
| Geography | 0 | 1 | 0 | 0 | 10 | 139 | 139.00 | 0 | 0 |
| History - American History | 0 | 1 | 0 | 1 | 10 | 136 | 136.00 | 0 | 0 |
| Painting & Sculpture | 0 | 1 | 0 | 0 | 10 | 79 | 79.00 | 0 | 0 |
| History - European History | 0 | 1 | 1 | 1 | 5 | 136 | 136.00 | 0 | 0 |
| Science - Other Science | 0 | 0 | 0 | 0 | 0 | 0.00 | 0 | 0 |